[Event "Russian Club Cup"]
[Site "Maikop"]
[Date "1998.06.13"]
[Round "11"]
[White "Epishin, Vladimir"]
[Black "Notkin, Maksim"]
[Result "1/2-1/2"]
[WhiteElo "2590"]
[BlackElo "2505"]

1.d4 Nf6 2.c4 g6 3.Nc3 d5 4.cxd5 Nxd5 5.e4 Nxc3 6.bxc3 Bg7 7.Be3 c5 8.Qd2 Qa5
9.Rb1 b6 10.Bb5+ Bd7 11.Be2 Bc6 12.Bd3 Nd7 13.Ne2 Rd8 14.f3 O-O 15.h4 h5
16.Rg1 Rfe8 17.Bg5 Ba4 18.g4 cxd4 19.cxd4 hxg4 20.Rxg4 Ne5 21.Qxa5 bxa5 22.dxe5 Rxd3
23.Kf2 Bd7 24.Rgg1 Bxe5 25.h5 Ra3 26.Bf4 Bf6 27.Rbd1 Be6 28.e5 Bh4+ 29.Bg3 Bxg3+
30.Kxg3 gxh5 31.Nd4 Kh7 32.Kh4 Rg8 33.Rxg8 Kxg8 34.Kxh5 Rxa2 35.Nxe6 fxe6
36.Rd7 Kf7 37.Rxa7 a4 38.Kg4 a3 39.Kf4 Ra1 40.Ra8 a2 41.Ra7 Ke8 42.Ra8+ Kd7
43.Ra4 Kc6 44.Ra7 Kd5 45.Ra8 Kc4 46.Rc8+  1/2-1/2

[Event "Keres mem op"]
[Site "Tallin"]
[Date "1998.06.20"]
[Round "7"]
[White "Zitin, Yuri"]
[Black "Zjukin, Sergei"]
[Result "1/2-1/2"]
[WhiteElo "2195"]
[BlackElo "2425"]

1.d4 Nf6 2.c4 g6 3.Nc3 d5 4.cxd5 Nxd5 5.e4 Nxc3 6.bxc3 Bg7 7.Bc4 c5 8.Ne2 O-O
9.O-O Nc6 10.Be3 Bg4 11.f3 Na5 12.Bd3  1/2-1/2

[Event "Szeged TT06 IM"]
[Site "Szeged"]
[Date "1998.06.24"]
[Round "7"]
[White "Flumbort, Andras"]
[Black "Kustar, Sandor"]
[Result "1/2-1/2"]
[WhiteElo "2225"]
[BlackElo "2405"]

1.d4 Nf6 2.c4 g6 3.Nc3 d5 4.cxd5 Nxd5 5.e4 Nxc3 6.bxc3 Bg7 7.Nf3 O-O 8.Rb1 c5
9.Be2 cxd4 10.cxd4 Qa5+ 11.Bd2 Qxa2 12.O-O Qe6 13.Qc2 Qc6 14.Qd3 b6 15.d5 Qd7
16.Qa3 Bb7 17.Rfc1 e6  1/2-1/2

[Event "Copenhagen op"]
[Site "Copenhagen"]
[Date "1998.06.25"]
[Round "5"]
[White "Olsen, Heini"]
[Black "Brinck Claussen, Bjorn"]
[Result "1-0"]
[WhiteElo "2270"]
[BlackElo "2345"]

1.d4 Nf6 2.c4 g6 3.Nc3 d5 4.cxd5 Nxd5 5.e4 Nxc3 6.bxc3 Bg7 7.Bc4 O-O 8.Ne2 c5
9.O-O Nc6 10.Be3 Bg4 11.f3 Na5 12.Bxf7+ Rxf7 13.fxg4 Rxf1+ 14.Kxf1 Qd6 15.Kg1 Qe6
16.Qd3 Qc4 17.Qxc4+ Nxc4 18.Bf2 cxd4 19.cxd4 Nd2 20.e5 Rc8 21.Be3 Rc2 22.Rc1 Rxc1+
23.Nxc1 Nc4 24.Bg5 e6 25.Nd3 Bf8 26.Kf2 Kf7 27.Ke2 b5 28.Nf2 Nb6 29.Ne4 Nd5
30.Bd2 Be7 31.Kd3 a6 32.g3 Ke8 33.h4 Kf7 34.h5 gxh5 35.gxh5 Kg7 36.Kc2 b4
37.Kb3 a5 38.Ka4 Nb6+ 39.Kb5  1-0

[Event "Copenhagen op"]
[Site "Copenhagen"]
[Date "1998.06.27"]
[Round "7"]
[White "Lahlum, Hans Olav"]
[Black "Brinck Claussen, Bjorn"]
[Result "1/2-1/2"]
[WhiteElo "2215"]
[BlackElo "2345"]

1.d4 Nf6 2.c4 g6 3.Nc3 d5 4.cxd5 Nxd5 5.e4 Nxc3 6.bxc3 Bg7 7.Nf3 c5 8.Be3 Qa5
9.Qd2 Nc6 10.Rb1 O-O 11.Rb5 cxd4 12.Rxa5 dxe3 13.Qxe3 Nxa5 14.Nd4 Bd7 15.Be2 Rfc8
16.O-O  1/2-1/2

[Event "Copenhagen op"]
[Site "Copenhagen"]
[Date "1998.06.30"]
[Round "9"]
[White "Lahlum, Hans Olav"]
[Black "Dongart, Dennis"]
[Result "0-1"]
[WhiteElo "2215"]
[BlackElo "2160"]

1.d4 Nf6 2.c4 g6 3.Nc3 d5 4.cxd5 Nxd5 5.e4 Nxc3 6.bxc3 Bg7 7.Nf3 c5 8.Be3 Bg4
9.Qd2 Bxf3 10.gxf3 cxd4 11.cxd4 Nc6 12.Rd1 O-O 13.Be2 e5 14.d5 Nd4 15.O-O f5
16.Bxd4 exd4 17.Kh1 Qh4 18.Rg1 Be5 19.Rg2 fxe4 20.fxe4 Rxf2 21.Rxf2 Qxf2
22.Bg4 Qh4 23.Qg2 Rf8 24.Qh3 Qxh3 25.Bxh3 Rf2 26.Be6+ Kf8 27.Kg1 Rf4 28.Re1 Ke7
29.h3 Rf3 30.Rf1 Rxf1+ 31.Kxf1 Kd6 32.Ke2 g5 33.Kd3 Kc5 34.Bg4 b6 35.Bh5 Bf6
36.Bg4 a6 37.Bd1 b5 38.Bg4 Be5 39.Bd1 Bf6 40.Bg4 h6 41.Bd1 Kd6 42.Bg4 Ke5
43.Bd1 Be7 44.Bg4 a5 45.Bd7 b4 46.Be8 Bd6 47.Ba4 h5 48.Bd1 h4 49.Bg4 a4 50.Bf5 b3
51.axb3 a3 52.Kc2 d3+ 53.Kb1 d2 54.Bg4 Kxe4 55.Kc2 Be5 56.Kb1 Kxd5 57.Be2 Bd6  0-1

[Event "RUS-Cup06"]
[Site "Nizhnij Novgorod"]
[Date "1998.06.30"]
[Round "2"]
[White "Shariyazdanov, Andrey"]
[Black "Dvoirys, Semen I"]
[Result "1-0"]
[WhiteElo "2495"]
[BlackElo "2585"]

1.d4 Nf6 2.c4 g6 3.Nc3 d5 4.cxd5 Nxd5 5.e4 Nxc3 6.bxc3 Bg7 7.Bb5+ c6 8.Ba4 O-O
9.Ne2 c5 10.O-O a6 11.dxc5 Qc7 12.Nf4 e6 13.Nd3 Bxc3 14.Bf4 Qa5 15.Rc1 Bg7
16.Ne5 Qc7 17.Qd6 Qxd6 18.cxd6 b5 19.Bb3 a5 20.a3 a4 21.Ba2 Na6 22.Rfd1 b4
23.Bc4 bxa3 24.d7 Bb7 25.Bxa6 Bxa6 26.Nc6 Bb2 27.Bd6 Bxc1 28.Bxf8 Bb2 29.d8=Q Rxd8
30.Rxd8  1-0

[Event "SVK-ch"]
[Site "Prievidza"]
[Date "1998.07.02"]
[Round "6.8"]
[White "Mrva, Martin"]
[Black "Certek, Pavel"]
[Result "1-0"]
[WhiteElo "2415"]
[BlackElo "2255"]

1.d4 Nf6 2.c4 g6 3.Nc3 d5 4.cxd5 Nxd5 5.e4 Nxc3 6.bxc3 Bg7 7.Bc4 c5 8.Ne2 Nc6
9.Be3 cxd4 10.cxd4 Qa5+ 11.Kf1 O-O 12.h4 Bd7 13.Rb1 Qc7 14.Rc1 Rac8 15.h5 Qa5
16.hxg6 hxg6 17.Nf4 e6 18.Qg4 Ne7 19.Qh4 Rfe8 20.Qh7+ Kf8 21.Nh5 gxh5 22.Bh6 Bxh6
23.Qxh6+ Kg8 24.Rxh5 Qxh5 25.Qxh5 Ng6 26.Qg5 Kg7 27.Bd3 f6 28.Qd2 e5 29.dxe5 fxe5
30.Rxc8 Rxc8 31.Bc4 Bc6 32.f3 a6 33.Qd6 Be8 34.Bb3 Rc6 35.Qb8 Rc1+ 36.Kf2 Bc6
37.Qg8+ Kh6 38.Bf7 Nf4 39.Qh8+  1-0

[Event "Lost Boys op"]
[Site "Antwerp"]
[Date "1998.07.03"]
[Round "4"]
[White "Touzane, Olivier"]
[Black "Van Wely, Loek"]
[Result "0-1"]
[WhiteElo "2350"]
[BlackElo "2605"]

1.d4 Nf6 2.c4 g6 3.Nc3 d5 4.cxd5 Nxd5 5.e4 Nxc3 6.bxc3 Bg7 7.Nf3 c5 8.Rb1 O-O
9.Be2 Nc6 10.d5 Ne5 11.Nxe5 Bxe5 12.Qd2 e6 13.f4 Bc7 14.O-O exd5 15.exd5 Ba5
16.Rb3 b6 17.f5 Bxf5 18.Qh6 Qxd5 19.c4 Qd4+ 20.Kh1 Bc3 21.Rf3 Rae8 22.Bf1 Re1
23.Be3 Qxc4 24.Rxc3 Rxf1+ 25.Bg1 Qd4 26.Rce3 Rb1 27.Rxf5 Qd1  0-1

[Event "Dortmund"]
[Site "Dortmund"]
[Date "1998.07.03"]
[Round "7"]
[White "Jussupow, Artur"]
[Black "Svidler, Peter"]
[Result "1/2-1/2"]
[WhiteElo "2630"]
[BlackElo "2690"]

1.d4 Nf6 2.c4 g6 3.Nc3 d5 4.cxd5 Nxd5 5.e4 Nxc3 6.bxc3 Bg7 7.Bc4 O-O 8.Be3 c5
9.Ne2 Nc6 10.O-O Bd7 11.Rb1 a6 12.Qd2 b5 13.Bd3 cxd4 14.cxd4 Qa5 15.Qxa5 Nxa5
16.Rfc1 Rfc8 17.f3 e5 18.Kf2 exd4  1/2-1/2

[Event "Politiken Cup"]
[Site "Copenhagen"]
[Date "1998.07.06"]
[Round "3"]
[White "Hjelm, Niclas"]
[Black "Schandorff, Lars"]
[Result "1/2-1/2"]
[WhiteElo "2315"]
[BlackElo "2525"]

1.d4 Nf6 2.c4 g6 3.Nc3 d5 4.cxd5 Nxd5 5.e4 Nxc3 6.bxc3 Bg7 7.Be3 c5 8.Qd2 Qa5
9.Rc1 cxd4 10.cxd4 Qxd2+ 11.Kxd2 O-O 12.Nf3 Rd8 13.Bb5 Bg4 14.Rhd1 Nc6 15.Bxc6 bxc6
16.Ke2 Rac8 17.h3 Be6 18.Rd2 h6 19.Ne5 Bxe5  1/2-1/2

[Event "RUS-Cup06"]
[Site "Nizhnij Novgorod"]
[Date "1998.07.06"]
[Round "8"]
[White "Volkov, Sergey"]
[Black "Turov, Maxim"]
[Result "1/2-1/2"]
[WhiteElo "2545"]
[BlackElo "2445"]

1.d4 Nf6 2.c4 g6 3.Nc3 d5 4.cxd5 Nxd5 5.e4 Nxc3 6.bxc3 Bg7 7.Be3 O-O 8.Qd2 c5
9.Rc1 Nd7 10.Bc4 e5 11.Ne2 cxd4 12.cxd4 exd4 13.Bxd4 Bxd4 14.Nxd4 Nb6 15.Bb3 Qe7
16.O-O Qxe4 17.Rfe1 Qh4 18.Rc7 Qd8 19.Rce7 Nd5 20.R7e5 Nc7 21.Qc3 Qd6 22.h4 Bd7
23.h5 Rac8 24.Qg3 Qf6 25.R1e3 Rce8 26.Rxe8 Nxe8 27.Nf3 Ng7 28.Qc7 Be6 29.hxg6 hxg6
30.Qxb7 Bxb3 31.axb3 Nf5 32.Re1 Nd4 33.Nd2 Qc6 34.Qxa7 Qc3 35.Re4 Nxb3 36.Nxb3 Qxb3
37.Qd4 Qb1+ 38.Kh2 Qb8+ 39.g3 Re8 40.Rh4 Qe5  1/2-1/2

[Event "Saitek US Masters"]
[Site "Hawaii"]
[Date "1998.07.21"]
[Round "1"]
[White "Hummel, Patrick"]
[Black "Wolferink, Frans"]
[Result "0-1"]
[WhiteElo "2240"]
[BlackElo "2115"]

1.d4 g6 2.c4 Nf6 3.Nc3 d5 4.cxd5 Nxd5 5.e4 Nxc3 6.bxc3 Bg7 7.Be3 c5 8.Qd2 O-O
9.Nf3 Nd7 10.Bd3 b6 11.O-O Bb7 12.Rad1 Rc8 13.d5 c4 14.Bb1 Nc5 15.Rfe1 e5
16.h4 Rc7 17.h5 Bc8 18.Nh2 Qd6 19.Bc2 gxh5 20.f4 f5 21.Nf3 fxe4 22.fxe5 Bxe5
23.Nxe5 Qxe5 24.Bxc5 Rxc5 25.Rxe4 Qf6 26.d6 Rg5 27.Re7 Bg4 28.Rde1 Rg7 29.Qd5+ Kh8
30.Rxg7 Qf2+ 31.Kh2 Qh4+ 32.Kg1 Qxe1+ 33.Kh2 Qh4+ 34.Kg1 Kxg7  0-1

[Event "Saitek US Masters"]
[Site "Hawaii"]
[Date "1998.07.25"]
[Round "5"]
[White "Salman, Joel"]
[Black "Shahade, Jennifer"]
[Result "1/2-1/2"]
[WhiteElo "2250"]
[BlackElo "2185"]

1.d4 Nf6 2.c4 g6 3.Nc3 d5 4.cxd5 Nxd5 5.e4 Nxc3 6.bxc3 Bg7 7.Be3 c5 8.Qd2 Qa5
9.Rc1 cxd4 10.cxd4 Qxd2+ 11.Kxd2 O-O 12.Bb5 Rd8 13.Ne2 Nc6 14.Bxc6  1/2-1/2

[Event "Smith & Williamson"]
[Site "Witley"]
[Date "1998.07.25"]
[Round "11"]
[White "Duboc, Antoine"]
[Black "Levermore, Peter"]
[Result "0-1"]
[WhiteElo "2059"]
[BlackElo "2090"]

1.d4 Nf6 2.c4 g6 3.Nc3 d5 4.cxd5 Nxd5 5.e4 Nxc3 6.bxc3 Bg7 7.Bc4 O-O 8.Ne2 c5
9.Be3 Nc6 10.O-O cxd4 11.cxd4 Bg4 12.f3 Na5 13.Bd5 Bd7 14.Rb1 a6 15.Bxb7 Ra7
16.Bd5 Bb5 17.Re1 e6 18.Bb3 Nxb3 19.axb3 Rd7 20.Rb2 Qb6 21.Qc1 Bxe2 22.Rexe2 Bxd4
23.Bxd4 Rxd4 24.Qe3 Rfd8 25.Red2 e5 26.Rxd4 Rxd4 27.Rd2 Qc5 28.Kf1 Qb5+ 29.Ke1 Qb4
30.Ke2 Rxd2+ 31.Qxd2 Qxb3 32.Qd6 Qb5+ 33.Kf2 a5 34.g4 Qb2+ 35.Kg3 Qd4 36.Qc6 a4
37.h4 Kg7 38.g5 Qg1+ 39.Kh3 Qf1+ 40.Kg3 Qe1+ 41.Kh3 Qa5 42.Qc1 a3 43.Qa1 a2
44.f4 h5 45.gxh6+ Kxh6 46.fxe5 Qa3+ 47.Kg4 Kh7 48.e6 fxe6 49.Kf4 Qd6+ 50.Kg4 Qd2
51.h5 g5 52.h6 Qg2+ 53.Kh5 Qh3+ 54.Kxg5 Qxh6+  0-1

[Event "RUS-ch51"]
[Site "St Petersburg"]
[Date "1998.07.28"]
[Round "1"]
[White "Rashkovsky, Nukhim N"]
[Black "Sakaev, Konstantin"]
[Result "1/2-1/2"]
[WhiteElo "2535"]
[BlackElo "2635"]

1.d4 Nf6 2.c4 g6 3.Nc3 d5 4.cxd5 Nxd5 5.e4 Nxc3 6.bxc3 Bg7 7.Bb5+ c6 8.Ba4 b5
9.Bb3 a5 10.Ne2 O-O 11.O-O Nd7 12.Be3  1/2-1/2

[Event "RUS-ch51"]
[Site "St Petersburg"]
[Date "1998.07.31"]
[Round "4"]
[White "Ionov, Sergey"]
[Black "Shipov, Sergei"]
[Result "1/2-1/2"]
[WhiteElo "2545"]
[BlackElo "2635"]

1.d4 Nf6 2.c4 g6 3.Nc3 d5 4.cxd5 Nxd5 5.e4 Nxc3 6.bxc3 Bg7 7.Bb5+ c6 8.Ba4 O-O
9.Ne2 c5 10.O-O Nc6 11.Be3 Na5 12.dxc5 Nc4 13.Qxd8 Rxd8 14.Bg5 Bd7 15.Bb3 Na5
16.Rfd1 Kf8 17.f3 Bb5 18.Nd4 Ba6 19.Rab1 Rdc8 20.Be3 Kg8 21.Bf2 Bf8 22.c6 Nxc6  1/2-1/2

[Event "Recklinghauser Schachtage"]
[Site "Recklinghausen"]
[Date "1998.08.01"]
[Round "8"]
[White "Kachiani Gersinska, Ketino"]
[Black "Alterman, Boris"]
[Result "0-1"]
[WhiteElo "2435"]
[BlackElo "2615"]

1.d4 Nf6 2.c4 g6 3.Nc3 d5 4.cxd5 Nxd5 5.e4 Nxc3 6.bxc3 Bg7 7.Be3 c5 8.Qd2 Qa5
9.Rb1 b6 10.Bb5+ Bd7 11.Be2 Bc6 12.Bd3 Nd7 13.Ne2 Rd8 14.h4 h5 15.f3 O-O
16.Kf2 cxd4 17.Nxd4 Ba4 18.Qb2 Rc8 19.Qb4 Rxc3 20.Qxa5 bxa5 21.Bb5 Bxb5 22.Nxb5 Rc2+
23.Kg3 Rxa2 24.Nxa7 Ne5 25.Rhd1 a4 26.Bc5 Re8 27.Rb7 e6 28.Kh3 Rc2 29.Be7 Nc4
30.Nb5 Rb2 31.Rdd7 Ne5 32.Rdc7 Nxf3 33.Bd6 Be5 34.Bxe5 Nxe5 35.Rc5 Ng4 36.Ra7 Rd8  0-1

[Event "RUS-ch51"]
[Site "St Petersburg"]
[Date "1998.08.01"]
[Round "5"]
[White "Shipov, Sergei"]
[Black "Najer, Evgeniy"]
[Result "1-0"]
[WhiteElo "2635"]
[BlackElo "2535"]

1.d4 Nf6 2.c4 g6 3.Nc3 d5 4.cxd5 Nxd5 5.e4 Nxc3 6.bxc3 Bg7 7.Nf3 c5 8.Rb1 O-O
9.Be2 cxd4 10.cxd4 Qa5+ 11.Bd2 Qxa2 12.O-O a5 13.Re1 Bd7 14.Rxb7 a4 15.Bg5 a3
16.Bxe7 Rc8 17.Qd3 Bg4 18.h3 Bxf3 19.Bxf3 Nc6 20.e5 Nxe7 21.Rxe7 Bf8 22.Rb7 Rab8
23.Ra7 Rd8 24.Qe3 Qc4 25.Rd1 Rb2 26.Qf4 Rb6 27.Rc1 Qe6 28.d5 Qf5 29.Qxf5 gxf5
30.Bh5  1-0

[Event "Budapest FS08 GM"]
[Site "Budapest"]
[Date "1998.08.02"]
[Round "2"]
[White "Jelen, Igor"]
[Black "Borge, Nikolaj"]
[Result "1-0"]
[WhiteElo "2430"]
[BlackElo "2390"]

1.d4 Nf6 2.c4 g6 3.Nc3 d5 4.cxd5 Nxd5 5.e4 Nxc3 6.bxc3 Bg7 7.Nf3 c5 8.Rb1 O-O
9.Be2 Nc6 10.d5 Ne5 11.Nxe5 Bxe5 12.Qd2 e6 13.f4 Bc7 14.O-O exd5 15.exd5 Ba5
16.f5 Bxf5 17.Rxb7 Qd6 18.Bc4 Rae8 19.Rxa7 Bb6 20.Ra6 Bc8 21.Ra8 Bc7 22.Qf4 Qd7
23.Qf3 Re5 24.Bf4 Rf5 25.Qg3 Rxf4 26.Rxf4 Qe7 27.Rxc8 Rxc8 28.d6 Bxd6 29.Rxf7 Qe4
30.Rc7+ Qxc4 31.Rxc8+  1-0

[Event "Oberwart op"]
[Site "Oberwart"]
[Date "1998.08.02"]
[Round "9"]
[White "Kranz, Armin"]
[Black "Gaertner, Guntram"]
[Result "1/2-1/2"]
[WhiteElo "2185"]
[BlackElo "2340"]

1.d4 Nf6 2.c4 g6 3.Nc3 d5 4.cxd5 Nxd5 5.e4 Nxc3 6.bxc3 Bg7 7.Nf3 O-O 8.Be3 c5
9.Be2 Nc6 10.O-O cxd4  1/2-1/2

[Event "RUS-ch51"]
[Site "St Petersburg"]
[Date "1998.08.03"]
[Round "7"]
[White "Evseev, Denis"]
[Black "Dvoirys, Semen I"]
[Result "1-0"]
[WhiteElo "2470"]
[BlackElo "2585"]

1.d4 Nf6 2.c4 g6 3.Nc3 d5 4.cxd5 Nxd5 5.e4 Nxc3 6.bxc3 Bg7 7.Nf3 c5 8.Rb1 O-O
9.Be2 cxd4 10.cxd4 Qa5+ 11.Qd2 Qxd2+ 12.Bxd2 b6 13.O-O Bb7 14.d5 Ba6 15.Bxa6 Nxa6
16.Be3 Rfc8 17.Rfc1 Kf8 18.Kf1 Ke8 19.Ke2 h6 20.h4 f5 21.exf5 gxf5 22.Bd4 Bf8
23.Be5 Rxc1 24.Rxc1 Nb4 25.Nd4 Nxd5 26.Nxf5 e6 27.Nd4 Kd7 28.f4 Bc5 29.Kf3 Bxd4
30.Bxd4 h5 31.g4 hxg4+ 32.Kxg4 Rg8+ 33.Kf3 Rf8 34.Be5 Rf5 35.Kg3 Ke7 36.Rc8 Kf7
37.Rh8 Nf6 38.Ra8 a5 39.Ra7+ Ke8 40.Bxf6 Rxf6 41.h5 Rf7 42.Ra8+ Ke7 43.Rb8 Kf6
44.Rxb6 Rg7+ 45.Kf3 Ra7 46.a4 Ra8 47.Rb5 Ra7 48.Kg4 Ra8 49.Rg5 Ra6 50.h6 Ra7
51.Kh5 Rd7 52.Rg6+ Kf5 53.Rg7 Rd1 54.Rf7+ Ke4 55.h7 e5 56.fxe5 Rh1+ 57.Kg6 Kxe5
58.Rf5+ Ke6 59.Rh5  1-0

[Event "MK Cafe Cup-A"]
[Site "Koszalin"]
[Date "1998.08.04"]
[Round "2"]
[White "Gleizerov, Evgeny"]
[Black "Cyborowski, Lukasz"]
[Result "1-0"]
[WhiteElo "2535"]
[BlackElo "2390"]

1.d4 Nf6 2.c4 g6 3.Nc3 d5 4.cxd5 Nxd5 5.e4 Nxc3 6.bxc3 Bg7 7.Bb5+ c6 8.Ba4 b5
9.Bb3 b4 10.Ne2 bxc3 11.Be3 Ba6 12.Rc1 Nd7 13.e5 Qa5 14.e6 fxe6 15.O-O Nf6
16.Bxe6 Nd5 17.Nxc3 Bxf1 18.Nxd5 cxd5 19.Qxf1 Rd8 20.Rc5 Qb6 21.Bxd5 e6 22.Bc6+ Ke7
23.d5 Bh6 24.Rc3 Bxe3 25.Rxe3 Rd6 26.Qe1 Rxc6 27.dxc6 Qxc6 28.Qb4+ Qd6 29.Qh4+ Kf7
30.Rf3+ Ke8 31.h3 Qd1+ 32.Kh2 Qd6+ 33.g3 Qd7 34.Qf6  1-0

[Event "Stockholm2"]
[Site "Stockholm"]
[Date "1998.08.04"]
[Round "4"]
[White "Agrest, Evgenij"]
[Black "Tella, Jussi"]
[Result "1-0"]
[WhiteElo "2545"]
[BlackElo "2395"]

1.d4 Nf6 2.c4 g6 3.Nc3 d5 4.cxd5 Nxd5 5.e4 Nxc3 6.bxc3 Bg7 7.Nf3 c5 8.Rb1 O-O
9.Be2 Nc6 10.d5 Bxc3+ 11.Bd2 Bxd2+ 12.Qxd2 Na5 13.h4 Bg4 14.h5 Bxf3 15.gxf3 e5
16.hxg6 fxg6 17.d6 b6 18.Qd5+ Kg7 19.Qxe5+ Qf6 20.Qg3 Rad8 21.e5 Qf5 22.Rd1 Nc6
23.f4 Nd4 24.Rxd4 cxd4 25.Bd3 Qf7 26.f5 Rfe8 27.Rxh7+  1-0

[Event "North Bay op"]
[Site "North Bay"]
[Date "1998.08.05"]
[Round "1"]
[White "Yermolinsky, Alex"]
[Black "Glinert, Stephen"]
[Result "1-0"]
[WhiteElo "2625"]
[BlackElo "2210"]

1.d4 Nf6 2.c4 g6 3.Nc3 d5 4.cxd5 Nxd5 5.e4 Nxc3 6.bxc3 Bg7 7.Be3 O-O 8.Nf3 c5
9.Be2 Nc6 10.O-O Qa5 11.d5 Ne5 12.Nd2 f5 13.Nb3 Qd8 14.f4 c4 15.Nd4 Nd3 16.Bxd3 cxd3
17.Qxd3 fxe4 18.Qxe4 Bf5 19.Nxf5 Rxf5 20.Rad1 Bxc3 21.d6 Rf7 22.d7 Qa5 23.Rd5 Qd8
24.Qe6 Kg7 25.Rc1 Rf6 26.Qe4 Bb2 27.Rc2 e6 28.Rd1 Ba3 29.Bd4  1-0

[Event "MK Cafe Cup-A"]
[Site "Koszalin"]
[Date "1998.08.06"]
[Round "4"]
[White "Haba, Petr"]
[Black "Ftacnik, Lubomir"]
[Result "1/2-1/2"]
[WhiteElo "2515"]
[BlackElo "2585"]

1.d4 Nf6 2.c4 g6 3.Nc3 d5 4.cxd5 Nxd5 5.e4 Nxc3 6.bxc3 Bg7 7.Nf3 c5 8.Rb1 O-O
9.Be2 Nc6 10.d5 Ne5 11.Nxe5 Bxe5 12.Qd2 e6 13.f4 Bc7 14.O-O exd5 15.exd5 Ba5
16.Ba3 b6 17.Bb5 Bf5 18.Rbd1 Qd6 19.Qe3 Rad8 20.c4 Qf6 21.Rc1 Bd7 22.Bxd7 Rxd7
23.Rc2 Re7 24.Qd3 Qf5 25.Qxf5 gxf5 26.Bb2  1/2-1/2

[Event "North Bay op"]
[Site "North Bay"]
[Date "1998.08.07"]
[Round "5"]
[White "Morrell, Gord"]
[Black "Glinert, Stephen"]
[Result "0-1"]
[WhiteElo "2130"]
[BlackElo "2210"]

1.d4 Nf6 2.c4 g6 3.Nc3 d5 4.cxd5 Nxd5 5.e4 Nxc3 6.bxc3 Bg7 7.Bb5+ c6 8.Be2 O-O
9.Nf3 c5 10.Rb1 Nc6 11.d5 Ne5 12.Nd2 e6 13.c4 exd5 14.cxd5 f5 15.f4 Nf7 16.e5 Qxd5
17.O-O Be6 18.a4 Rad8 19.Qc2 b6 20.Kh1 g5 21.Nc4 gxf4 22.Bxf4 Qe4 23.Rbc1 Rd4
24.Qxe4 Rxe4 25.Bd3 Rd4 26.Be2 Rfd8 27.Rc2 Re4  0-1

[Event "Hampstead GM3"]
[Site "Hampstead"]
[Date "1998.08.10"]
[Round "14"]
[White "Hillarp Persson, Tiger"]
[Black "Kaufman, Larry C"]
[Result "1/2-1/2"]
[WhiteElo "2410"]
[BlackElo "2400"]

1.d4 Nf6 2.c4 g6 3.Nc3 d5 4.cxd5 Nxd5 5.e4 Nxc3 6.bxc3 Bg7 7.Be3 c5 8.Qd2 cxd4
9.cxd4 Nc6 10.Bb5 Bd7 11.Ne2 a6 12.Bd3 O-O 13.Rb1 b5 14.O-O Qa5 15.Qxa5 Nxa5
16.d5 Rfc8 17.Rfc1 Rxc1+ 18.Rxc1 Rc8 19.Rxc8+ Bxc8  1/2-1/2

[Event "MK Cafe Cup-A"]
[Site "Koszalin"]
[Date "1998.08.10"]
[Round "8"]
[White "Gleizerov, Evgeny"]
[Black "Konguveel, Ponnuswamy"]
[Result "0-1"]
[WhiteElo "2535"]
[BlackElo "2410"]

1.d4 Nf6 2.c4 g6 3.Nc3 d5 4.cxd5 Nxd5 5.e4 Nxc3 6.bxc3 Bg7 7.Bb5+ c6 8.Ba4 O-O
9.Ne2 c5 10.O-O Nc6 11.Be3 Na5 12.Rb1 b6 13.dxc5 Ba6 14.Bb5 Bxb5 15.Rxb5 Nc4
16.Bf4 e5 17.Bc1 a6 18.Rb4 b5 19.a4 Rb8 20.axb5 axb5 21.Qc2 Qc7 22.Rd1 Rfd8
23.Rxd8+ Rxd8 24.Bg5 f6 25.Be3 Nxe3 26.fxe3 Qxc5 27.Qb3+ Kh8 28.c4 Bh6 29.cxb5 Bxe3+
30.Kf1 Qd6 31.g3 Bb6 32.Ra4 Qc5 33.Qf3 Kg7 34.Ra3 Rd1+ 35.Kg2 Rd2 36.Ra1 Qxb5
37.Re1 Ba5  0-1

[Event "MK Cafe Cup-A"]
[Site "Koszalin"]
[Date "1998.08.10"]
[Round "8"]
[White "Gritsak, Orest"]
[Black "Nijboer, Friso"]
[Result "1-0"]
[WhiteElo "2485"]
[BlackElo "2525"]

1.d4 Nf6 2.c4 g6 3.Nc3 d5 4.cxd5 Nxd5 5.e4 Nxc3 6.bxc3 Bg7 7.Bb5+ c6 8.Ba4 O-O
9.Ne2 Nd7 10.O-O e5 11.Rb1 Qe7 12.f3 Nb6 13.Bb3 Be6 14.Bxe6 Qxe6 15.Qb3 Rfd8
16.Qxe6 fxe6 17.dxe5 Bxe5 18.Bg5 Rd3 19.Rfd1 Rxd1+ 20.Rxd1 Kf7 21.Rd3 Bf6
22.h4 e5 23.Kf2 Be7 24.Bxe7 Kxe7 25.h5 Nd7 26.Rd1 a5 27.hxg6 hxg6 28.Nc1 Nc5
29.Nd3 Rd8 30.Nb2 Rf8 31.Ke2 b5 32.Rh1 Rd8 33.Rh7+ Kf6 34.Rc7 Rd6 35.g3 g5
36.Nd1 g4 37.Ne3 gxf3+ 38.Kxf3 a4 39.Rc8 Kf7 40.a3 Nd7 41.Ke2 Nc5 42.Nf5 Rd3
43.Rxc6 Rxc3 44.Nd6+ Ke7 45.Nxb5 Rc4 46.Kd1 Kd7 47.Rc7+ Kd8 48.g4 Rd4+ 49.Nxd4 Kxc7
50.Nb5+ Kd7 51.Nc3 Ke7 52.Ke2 Kf6 53.Kf3 Nb3 54.Kg3 Nd2 55.Kh4 Kg6 56.Nxa4 Nxe4
57.Nb6 Nc5 58.a4 e4 59.a5 Kf6 60.g5+ Ke6 61.Nc4 Kd5 62.g6 Ne6 63.a6 Kc6 64.Kg4 e3
65.Nxe3 Kb6 66.Kf5 Ng7+ 67.Kf6 Nh5+ 68.Kg5 Ng7 69.Kh6 Ne6 70.Nd5+ Ka7 71.Nb4 Nd4
72.g7 Nf5+ 73.Kh7 Nxg7 74.Kxg7  1-0

[Event "MK Cafe Cup-A"]
[Site "Koszalin"]
[Date "1998.08.10"]
[Round "8"]
[White "Cichocki, Adam"]
[Black "Urban, Klaudiusz"]
[Result "1/2-1/2"]
[WhiteElo "2365"]
[BlackElo "2485"]

1.d4 Nf6 2.c4 g6 3.Nc3 d5 4.cxd5 Nxd5 5.e4 Nxc3 6.bxc3 Bg7 7.Bc4 c5 8.Ne2 Nc6
9.Be3 O-O 10.O-O Bg4 11.f3 Na5 12.Bd3 cxd4 13.cxd4 Be6 14.Rc1 Bxa2 15.Qa4 Be6
16.d5 Bd7 17.Qb4 e6 18.Bf4 e5 19.Be3 Re8 20.Nc3 Bf8 21.Qb2 Bd6 22.Nb5 Bxb5
23.Bxb5 Rf8 24.Be2 Qe7 25.Rc2 b6 26.Ba6 Nb7 27.Bxb7 Qxb7 28.Rfc1 Rac8 29.Rc6 Rxc6
30.Rxc6 Qd7 31.Qb5 Rb8 32.h3 h5 33.Kh2 Rb7 34.Bg5 Kg7 35.Kh1 Rc7 36.Qc4 Rxc6
37.dxc6 Qc7 38.Qd5 f6 39.Be3 Qe7 40.Bc1 h4 41.Be3 g5 42.Kh2 Bc7 43.Bc1 Kf8
44.Qd3 Bd6 45.Qa6 Qc7 46.Qc4 Qc8 47.Be3 Ke7 48.Bf2 Qb8 49.Qd5 Qe8 50.Qa2 Qxc6
51.Qxa7+ Bc7 52.Be1 Kd7 53.Qa2 Qe6 54.Qa4+ Qc6 55.Qa2 Qc5 56.Qf7+ Qe7 57.Qb3 Qe6
58.Qa4+  1/2-1/2

[Event "Hampstead GM3"]
[Site "Hampstead"]
[Date "1998.08.11"]
[Round "2"]
[White "Gormally, Daniel"]
[Black "Aagaard, Jacob"]
[Result "1/2-1/2"]
[WhiteElo "2400"]
[BlackElo "2420"]

1.d4 Nf6 2.c4 g6 3.Nc3 d5 4.cxd5 Nxd5 5.e4 Nxc3 6.bxc3 Bg7 7.Nf3 c5 8.Rb1 O-O
9.Be2 Nc6 10.d5 Ne5 11.Nxe5 Bxe5 12.Qd2 e6 13.f4 Bc7 14.Bc4 exd5 15.Bxd5 Be6
16.O-O Bxd5 17.exd5 c4 18.Rxb7 Qc8 19.Rb4 Bd6 20.Ra4 Qc5+ 21.Qd4 Qxd4+ 22.cxd4 Rfc8
23.Ra6 Bc7 24.Rc6 Bb6 25.Be3 Rxc6 26.dxc6 Rc8 27.Kf2 Rxc6 28.Rc1 f5 29.d5  1/2-1/2

[Event "COL-ch"]
[Site "Pensilvania"]
[Date "1998.08.11"]
[Round "8"]
[White "Alzate, Dario"]
[Black "Ramirez, Carlos"]
[Result "1-0"]
[WhiteElo "2390"]
[BlackElo "2400"]

1.d4 Nf6 2.c4 g6 3.Nc3 d5 4.cxd5 Nxd5 5.e4 Nxc3 6.bxc3 Bg7 7.Bc4 O-O 8.Ne2 c5
9.O-O Nc6 10.Be3 Qc7 11.Rc1 Rd8 12.Qa4 Bd7 13.Qa3 Bf8 14.Qb2 Na5 15.Bd3 e6
16.Bg5 Rdc8 17.Bf6 b5 18.Qd2 Bg7 19.Bxg7 Kxg7 20.e5 Bc6 21.Ng3 Qd8 22.Be4 Qh4
23.f4 Nc4 24.Qf2 Qd8 25.Bxc6 Rxc6 26.Ne4 cxd4 27.cxd4 Rac8 28.Nf6 Nb6 29.Rxc6 Rxc6
30.f5 Rc4 31.fxe6 fxe6 32.Kh1 Rc7 33.h4 Kh8 34.h5 gxh5 35.Nxh5 Rc8 36.Qf6+ Qxf6
37.Rxf6 Kg8 38.Rxe6 Rd8 39.Re7 Rxd4 40.Nf6+ Kf8 41.Rxa7 Nd5 42.Nxh7+ Ke8
43.Kh2 Re4 44.Nf6+ Nxf6 45.exf6 Rf4 46.Rb7 Ra4 47.Kh3 Ra6 48.a3 Rxf6 49.Rxb5 Ra6
50.Re5+ Kf7 51.Re3 Kf6 52.Kg4 Ra4+ 53.Kh5 Ra5+ 54.Kh6 Kf5 55.Rf3+ Kg4 56.Kg6 Ra6+
57.Kf7 Ra4 58.Ke6 Re4+ 59.Kd5 Re2 60.Rf8 Ra2 61.Ra8 Kf4 62.Ra4+ Kg3 63.Kc4 Rxg2
64.Kb3 Kf3 65.Rc4 Ke3 66.a4 Rg1 67.a5 Kd3 68.Ra4 Rb1+ 69.Ka2 Rb8 70.a6 Kc2
71.Ra5  1-0

[Event "AZ Sanace Cup"]
[Site "Olomouc"]
[Date "1998.08.12"]
[Round "5"]
[White "Polak, Tomas"]
[Black "Kalod, Radek"]
[Result "1/2-1/2"]
[WhiteElo "2525"]
[BlackElo "2435"]

1.d4 Nf6 2.c4 g6 3.Nc3 d5 4.cxd5 Nxd5 5.e4 Nxc3 6.bxc3 Bg7 7.Nf3 c5 8.Rb1 O-O
9.Be2 cxd4 10.cxd4 Qa5+ 11.Bd2 Qxa2 12.O-O b6 13.Qc1 Bb7 14.Bc4 Qa4 15.Bb5 Qa2
16.Bc4 Qa4 17.Bb5 Qa2 18.Re1 Rc8 19.Qd1 Qc2 20.Qe2 Nc6 21.Bd3 Qa2 22.Ra1 Qb2
23.Ra4 Qb3 24.Rea1 Nd8 25.R1a3 Qe6 26.Rxa7 Rxa7 27.Rxa7 Ra8 28.Rxa8 Bxa8
29.h3 Qa2 30.Kh2 Qb2 31.d5 Nb7 32.Qe3 Nc5 33.Qf4 h6 34.Bc4 Bb7 35.Be3 Qb4
36.Qb8+ Kh7 37.Bxc5 Qxc4 38.Bxe7 Ba6 39.Qf4 f5 40.Qh4 fxe4 41.Ng5+  1/2-1/2

[Event "Wch (Women) U26"]
[Site "Rotterdam"]
[Date "1998.08.13"]
[Round "3"]
[White "Schmid, Shahanah"]
[Black "Qin Kanying"]
[Result "1/2-1/2"]
[WhiteElo "2100"]
[BlackElo "2380"]

1.d4 Nf6 2.c4 g6 3.Nc3 d5 4.cxd5 Nxd5 5.e4 Nxc3 6.bxc3 Bg7 7.Bc4 c5 8.Ne2 O-O
9.Be3 Nc6 10.O-O Bg4 11.f3 Na5 12.Bd3 cxd4 13.cxd4 Be6 14.Rc1 Bxa2 15.Qa4 Be6
16.d5 Bd7 17.Qb4 e6 18.Nc3 exd5 19.Nxd5 Be6 20.Rfd1 Bxd5 21.exd5 Qxd5 22.Bc4 Qe5
23.Bd4 Qxd4+ 24.Rxd4 Bxd4+ 25.Kf1 Nxc4 26.Rxc4 a5 27.Qxb7 Rab8 28.Qc7 Rb1+
29.Rc1 Rb2 30.Qd7 Bf6 31.Qd6 Bg7 32.Qa3 Ra8 33.Rc4 h5 34.Qe7 Ra2 35.Rc7 Rf8
36.h4 a4 37.g4 a3 38.Ra7 Bd4 39.Rxa3 Rf2+ 40.Ke1 Rh2 41.Qe4 Bf2+ 42.Kf1 hxg4
43.fxg4 Bxh4 44.Kg1 Rd2 45.Ra8  1/2-1/2